000 00484 a2200145 4500
005 20250618091335.0
020 _a0-471-15557-8
082 _aLM 530.071173 WIL
100 _aRESNICK, R.
245 _aConference on the introductory physics course: On the occasion of the retirement of Robert Resnick
260 _aNew York,
_bJohn Wiley & Sons, Inc.,
_c1997.
300 _avi, 347p.: ill.; chart, figure, graph, picture, table.
_c28cm.
700 _aWILSON, J.
942 _2ddc
_cBKS
999 _c4271
_d4271